Films dont le titre commence par un G (2) - Statistiques

Statistiques générales
  • Ce quiz a été pris 6 fois
  • Le résultat moyen est 6 sur 30
Statistiques - réponses
Année Réalisateur Genre 1 acteur ou
1 actrice
Titre % Correct
2000 R. Scotte Historique Russel Crowe Gladiator
83%
2010 J. Star Biographie Eric Elmosnino Gainsbourg vie héroïque
50%
1994 J. Balasko Comédie Victoria Abril Gazon Maudit
50%
1993 C. Berri Drame Renaud Germinal
50%
2008 C. Eastwood Drame Clint Eastwood Gran Torino
50%
1983 C. Sautet Comédie dramatique Yves Montand Garçon
33%
2016 P-F Martin-Laval Comédie Théo Fernandez Gaston Lagaffe
33%
1990 J. Zucker Fantastique Patrick Swayze Ghost
33%
1987 B. Levison Comédie dramatique Robin Williams Good morning Vietnam
33%
2014 O. Dahan Biographie Nicole Kidman Grace de Monaco
33%
1984 J. Dante Fantastique Zach Galligan Gremlins
33%
1998 S. Lumet Comédie dramatique Sharon Stone Gloria
17%
1989 E. Zwick Drame Matthew Broderick Glory
17%
1995 M. Campbell Espionnage Pierce Brosnan Goldeneye
17%
2002 G. Paquet-Brenner Policier Titoff Gomez et Tavarès
17%
2018 N. Jordan Thriller Isabelle Huppert Greta
17%
1994 M. Blanc Comédie Michel Blanc Grosse fatigue
17%
2012 M. Hoffman Comédie Colin Firth Gambit arnaque à l'anglaise
0%
2014 A. Fontaine Comédie Fabrice Luchini Gemma Bovery
0%
1994 B. Stiller Comédie dramatique Winona Ryder Génération 90
0%
1991 P. Braoudé Comédie Adrien Dirand Génial, mes parents divorcent
0%
2018 J. Marsch Policier Michael Caine Gentlemen cambrioleurs
0%
2007 M. Steven Fantastique Nicolas Cage Ghost Rider
0%
2014 G. Edwards Science-fiction Aaron Taylor-Johnson Godzilla
0%
2002 W. Becker Comédie Marc Bachoff Good bye Lenin
0%
1984 M. Apted Policier Lee Marvin Gorky park
0%
1989 J. McBride Comédie Robert Lesser Great balls of fire
0%
2018 V. Filho Drame Marion Cotillard Gueule d'ange
0%
2015 F. Drugeon Historique Tiésay Deshayes Guillaume la jeunesse du conquérant
0%
1982 M. Drach Drame Claude Brasseur Guy de Maupassant
0%
Aucun quiz correspondant
Distribution des résultats
% des personnes avec chaque résultat
Percentile par nombre de réponses
Votre historique - résultats
Vous n’avez pas pris ce quiz